Khảo sát kĩ năng liên kết câu trong đoạn văn và liên kết đoạn văn trong văn bản của học sinh Tiểu học ở một số trường trên địa bàn quận Thanh Khê - thành phố Đà Nẵng
Cơ sở lí luận. Thống kê, phân loại các lỗi liên kết câu trong đoạn và liên kết đoạn văn trong văn bản của học sinh Tiểu học ở một số trường trên địa bàn quận Thanh Khê - TP Đà Nẵng. Xây dựng một số bài tập bổ trợ nhằm rèn luyện kĩ năng liên kết câu trong đoạn và liên kết đoạn văn trong văn bản cho h...
محفوظ في:
| المؤلف الرئيسي: | |
|---|---|
| مؤلفون آخرون: | |
| التنسيق: | كتاب |
| منشور في: |
Đà Nẵng
Đại học Sư phạm, Đại học Đà Nẵng
2013
|
| الموضوعات: | |
| الوسوم: |
إضافة وسم
لا توجد وسوم, كن أول من يضع وسما على هذه التسجيلة!
|
| Thư viện lưu trữ: | Mạng thư viện Đại học Đà Nẵng |
|---|
| LEADER | 02179nam a2200373 4500 | ||
|---|---|---|---|
| 001 | 000018390 | ||
| 003 | 14821 | ||
| 005 | 20131113141124.0 | ||
| 008 | 131024s2013 sd | ||
| 082 | 1 | 4 | |a 372.61 |b TH-T |
| 100 | 1 | |a Thân Thị Thu Thúy | |
| 245 | 1 | |a Khảo sát kĩ năng liên kết câu trong đoạn văn và liên kết đoạn văn trong văn bản của học sinh Tiểu học ở một số trường trên địa bàn quận Thanh Khê - thành phố Đà Nẵng |c Thân Thị Thu Thúy ; Bùi Thị Thanh hướng dẫn |k Khóa luận tốt nghiệp | |
| 260 | |a Đà Nẵng |b Đại học Sư phạm, Đại học Đà Nẵng |c 2013 | ||
| 300 | |a 62 tr., phụ lục 35 tr. |b Hình mh. |c 29 cm. |e Bản tóm tắt | ||
| 500 | |a Khóa luận tốt nghiệp đại học. Chuyên ngành: Sư phạm Tiểu học | ||
| 504 | |a Mục lục đầu trang, tài liệu tham khảo tr. 73 - 74, phụ lục [13 tr.] | ||
| 520 | |a Cơ sở lí luận. Thống kê, phân loại các lỗi liên kết câu trong đoạn và liên kết đoạn văn trong văn bản của học sinh Tiểu học ở một số trường trên địa bàn quận Thanh Khê - TP Đà Nẵng. Xây dựng một số bài tập bổ trợ nhằm rèn luyện kĩ năng liên kết câu trong đoạn và liên kết đoạn văn trong văn bản cho học sinh Tiểu học. | ||
| 600 | 1 | 4 | |b Vua |c Đinh Tiên Hoàng |
| 650 | 0 | 4 | |a Giáo dục tiểu học |v Khóa luận tốt nghiệp |x Ngữ pháp tiếng Việt |
| 653 | |a Ngữ pháp tiếng Việt | ||
| 653 | |a Khoa Tiểu học - Mầm non | ||
| 653 | |a Liên kết câu | ||
| 653 | |a Đoạn văn | ||
| 700 | 1 | |a Bùi Thị Thanh |e Hướng dẫn | |
| OWN | |a LSP | ||
| AVA | |a UDN50 |b LSP |d 372.61 TH-T |e available |t Error 5001 Not defined in file expand_doc_bib_avail. |f 1 |g 0 |h N |i 0 |k 1 | ||
| 999 | |a From the UDN01 | ||
| AVA | |a UDN50 |b LSP |d 372.61 TH-T |e available |t Error 5001 Not defined in file expand_doc_bib_avail. |f 1 |g 0 |h N |i 0 |k 1 | ||
| TYP | |a Monograph | ||
| TYP | |a Printed language | ||
| 980 | |a Mạng thư viện Đại học Đà Nẵng | ||